Islam, women and gender justice / (Record no. 86800)

MARC details
000 -LEADER
fixed length control field 00795nam a22002417a 4500
005 - DATE AND TIME OF LATEST TRANSACTION
control field 20140820110309.0
010 ## - LCCN (DPL NO)
LC control number ENG-110461
020 ## - INTERNATIONAL STANDARD BOOK NUMBER
International Standard Book Number 9788121207553
Terms of availability 590.00
020 ## - INTERNATIONAL STANDARD BOOK NUMBER
International Standard Book Number 8121207258
Terms of availability 590.00
035 ## - SYSTEM CONTROL NUMBER
System control number EN-93993
035 ## - SYSTEM CONTROL NUMBER
System control number B-529573
037 ## - SOURCE OF ACQUISITION
Source of stock number/acquisition DBAD/PUB
037 ## - SOURCE OF ACQUISITION
Source of stock number/acquisition BBB/Ven
Stock number dpl
082 ## - DEWEY DECIMAL CLASSIFICATION NUMBER
Classification number 270.82
100 ## - MAIN ENTRY--PERSONAL NAME
Personal name Engineer, Asghar Ali
245 ## - TITLE STATEMENT
Title Islam, women and gender justice /
Statement of responsibility, etc by Asghar Ali Engineer
260 ## - PUBLICATION, DISTRIBUTION, ETC. (IMPRINT)
Place of publication, distribution, etc New Delhi
Name of publisher, distributor, etc Gyan Publishing House
Date of publication, distribution, etc 2013
270 ## - ADDRESS
Address 23, Main Ansari Road, DaryaGanj
City New Delhi
Postal code 110002
300 ## - PHYSICAL DESCRIPTION
Extent 370p.
Dimensions 24cm(Hb)
500 ## - GENERAL NOTE
General note Includes bibliographical references and index
942 ## - ADDED ENTRY ELEMENTS (KOHA)
Source of classification or shelving scheme Dewey Decimal Classification
Item type English Books
Call number suffix ENG
Classification part 270.082
Holdings
Withdrawn status Lost status Not for loan Collection code Home library Current library Date acquired Source of acquisition Cost, normal purchase price Full call number Barcode Copy number Cost, replacement price Koha item type
    Not For Loan Non-fiction D.B.Act.Division D.B.Act.Division 11/07/2014 DBAD/PUB 590.00 270.082 ENG EN-93993 1 590.00 English Books
      Non-fiction Janak Puri Janak Puri 11/08/2014 BBB/IN11449/7.11.2013/28/10.10.2013/3.12.2013 590.00 ENG B-529573 1 590.00 English Books

© Delhi Public Library
Hit Counter
free hit counter